Lời quê góp nhặt Phê bình, tiểu luận
Gorde:
| Egile nagusia: | |
|---|---|
| Formatua: | Liburua |
| Hizkuntza: | Vietnamese |
| Argitaratua: |
H.
Hội nhà văn
1999
|
| Gaiak: | |
| Etiketak: |
Etiketa erantsi
Etiketarik gabe, Izan zaitez lehena erregistro honi etiketa jartzen!
|
| Thư viện lưu trữ: | Mạng thư viện Đại học Đà Nẵng |
|---|
| LEADER | 00963nam a2200301 4500 | ||
|---|---|---|---|
| 001 | 000014207 | ||
| 003 | 10566 | ||
| 005 | 20120423100442.0 | ||
| 008 | 120423s1999 viesd | ||
| 020 | |c 16000đ | ||
| 041 | 0 | |a vie | |
| 082 | |a 895.9224 |b NG-K | ||
| 100 | 0 | |a Nguyễn Thụy Kha | |
| 245 | 0 | |a Lời quê góp nhặt |b Phê bình, tiểu luận |c Nguyễn Thụy Kha | |
| 260 | |a H. |b Hội nhà văn |c 1999 | ||
| 300 | |a 179 tr. |c 19 cm | ||
| 653 | |a Lời quê góp nhặt | ||
| 653 | |a Thơ | ||
| OWN | |a LSP | ||
| AVA | |a UDN50 |b LSP |d 895.9224 NG-K |e available |t Error 5001 Not defined in file expand_doc_bib_avail. |f 1 |g 0 |h N |i 0 |k 1 | ||
| 999 | |a From the UDN01 | ||
| AVA | |a UDN50 |b LSP |d 895.9224 NG-K |e available |t Error 5001 Not defined in file expand_doc_bib_avail. |f 1 |g 0 |h N |i 0 |k 1 | ||
| TYP | |a Monograph | ||
| TYP | |a Printed language | ||
| 980 | |a Mạng thư viện Đại học Đà Nẵng | ||